000 02251cad a22003255a 4500
001 L159193
008 120802s2013 xxk f 000 0 eng d
035 _a(Sirsi) u159193
041 0 _aeng
050 0 4 _a692.8 $2 18
110 2 _aNational Buildings Specification
_95911
240 _aNBS contracts survey
245 0 0 _aNational construction contracts and law survey 2013
_h[electronic resource]
250 _a2nd ed.
260 _a[S.l.]
_bRIBA Enterprises Ltd
_c2013
505 2 _aIntroduction -- PPC: The natural home for BIM and collaborative working -- Does the Duty of Good Faith have any place in English contracts? -- National construction contracts and law survey 2013 -- The CIOB Complex Projects Contract 2013 -- Using Dispute Boards in construction projects -- Improving collaborative construction contracts
520 _aReveals that disputes remain a real (and growing) issue for the industry. The perception is that the number of disputes is on the rise, with nearly half of respondents saying the number of disputes has increased, while only 10% tell us there are fewer. The adoption of collaborative techniques is very low even though the profession is embracing collaboration in principle, with respondents agreeing that the delivery of clients? objectives is better achieved through collaborative working. It is still not normal practice for BIM to be referenced in contracts, with fewer than a quarter agreeing that they reference, or have adopted, BIM in their contracts. The survey also shows how international work (through UK-managed contracts) brings its own issues. Cultural differences, risk distribution, unfamiliar contract forms, security of payment, and language, are all cited as significant challenges for those involved in international contracts.
590 _aKA NTK
650 2 4 _aPAYMENT
650 2 4 _aBIM
_96219
650 2 4 _aCOLLABORATION
650 2 4 _aDESIGN LIABILITY
650 2 4 _aCONSTRUCTION DISPUTES
651 4 _aUnited Kingdom
_y
690 _aContracts
_96232
690 _aBIM
_96219
710 1 _aRIBA Enterprises
_94631
856 4 0 _uhttps://www.thenbs.com/~/media/files/pdf/nbsnationlclreport2013single.pdf?la=en
_zView the item free of charge at www.thenbs.com
942 _n0
999 _c115732
_d115732